00421nam a2200145 i 450000100060000000300090000600500170001500700030003200800410003510000230007624500730009926000520017230000300022485200210025478304ES-MaACL20230906173641.0t|041013s1934 xxk ||||1| eng d1 aHaskell, Arnold L.10aBalletomania b: the story of an obsession / cby Arnold L. Haskell. aLondon : b[s.n., c1934] (fThe Camelot Press) a350 p. : bil. ; c24 cm. aES-MaACLjA-3645